Manažerské účetnictví v podmínkách tržního hospodářství /
Gespeichert in:
| 1. Verfasser: | |
|---|---|
| Format: | Buch |
| Sprache: | Tschechisch |
| Veröffentlicht: |
Praha :
TRIZONIA,
1993
|
| Schriftenreihe: | Příručky praktických podnikatelů
Sv.20 |
| Tags: |
Keine Tags, Fügen Sie das erste Tag hinzu!
|
MARC
| LEADER | 00000nam a22000003a 4500 | ||
|---|---|---|---|
| 001 | stu23750 | ||
| 005 | 20150617225749.0 | ||
| 008 | 960326s1993----xr------------------cze-d | ||
| 020 | |a 80-85573-23-7 | ||
| 040 | |a STU |b slo | ||
| 041 | 0 | |a cze | |
| 044 | |a xr | ||
| 080 | |a 336.717.164 |7 stu_us_auth*stu4580 | ||
| 100 | 1 | |a Schroll, Rudolf |4 aut | |
| 245 | 1 | |a Manažerské účetnictví v podmínkách tržního hospodářství / |c [aut.]Schroll,Rudolf a kol | |
| 260 | |a Praha : |b TRIZONIA, |c 1993 | ||
| 300 | |a 256 s : |b Tab.,grafy | ||
| 830 | 0 | |a Příručky praktických podnikatelů |v Sv.20 | |
| 996 | |b C94100 |c C*94100 |l CCXIV |s P |a 0 |w stu23750_0001 | ||